Central Library OPAC University of Rajshahi

A handbook of training for family and child welfare / (Record no. 49596)

MARC details
000 -LEADER
fixed length control field 00845nam a2200265 a 4500
001 - CONTROL NUMBER
control field 49596
003 - CONTROL NUMBER IDENTIFIER
rucl marc code BD-RjUL
005 - DATE AND TIME OF LATEST TRANSACTION
control field 20211209054711.0
008 - FIXED-LENGTH DATA ELEMENTS--GENERAL INFORMATION
fixed length control field 160821s1969 nyu b 000 0 eng
020 ## - INTERNATIONAL STANDARD BOOK NUMBER
Terms of availability :U.S. 2.00
035 ## - SYSTEM CONTROL NUMBER
System control number (BD-RjUL)49715
040 ## - CATALOGING SOURCE
Original cataloging agency BD-RjUL
Transcribing agency DLC
Modifying agency BD-RjUL
Language of cataloging eng
041 ## - LANGUAGE CODE
Language code of text/sound track or separate title eng
082 00 - DEWEY DECIMAL CLASSIFICATION NUMBER
Classification number 362.7
Edition number 23
Author mark and year HAN 1969
110 2# - MAIN ENTRY--CORPORATE NAME
Corporate name or jurisdiction name as entry element United Nations.
Subordinate unit Department of Economic and Social Affairs.
9 (RLIN) 148758
245 12 - TITLE STATEMENT
Title A handbook of training for family and child welfare /
260 ## - PUBLICATION, DISTRIBUTION, ETC. (IMPRINT)
Place of publication, distribution, etc. New York :
Name of publisher, distributor, etc. United Nations,
Date of publication, distribution, etc. 1969.
300 ## - PHYSICAL DESCRIPTION
Pagination iii, 110 p. ;
Size 28 cm.
350 ## - PRICE (NR) (BK AM CF MU VM SE) [OBSOLETE]
Price 2.00
410 20 - SERIES STATEMENT/ADDED ENTRY--CORPORATE NAME [OBSOLETE, CAN/MARC], [LOCAL, USA]
Corporate name or jurisdiction name as entry element [United Nations.
Title of a work Document]
Volume number/sequential designation ST/SOA/85
500 ## - GENERAL NOTE
General note "United Nations publication. Sales no. E.69.IV.1."
504 ## - BIBLIOGRAPHY, ETC. NOTE
Bibliography, etc Bibliography: p. 106-110.
650 #0 - SUBJECT ADDED ENTRY--TOPICAL TERM
Topical term or geographic name as entry element Social workers
General subdivision In-service training.
9 (RLIN) 148741
942 ## - ADDED ENTRY ELEMENTS (KOHA)
Source of classification or shelving scheme Dewey Decimal Classification
Koha item type Books
Holdings
Lost status Source of classification or shelving scheme Damaged status Not for loan Collection code Permanent Location Current Location Shelving location Date acquired Source of acquisition Cost, normal purchase price Total Checkouts Full call number Date last seen Copy number Koha item type
  Dewey Decimal Classification     Non-fiction Central Library, University of Rajshahi Central Library, University of Rajshahi   25/09/1974 Goho Prakashani, Dacca 32.00   362.7 HAN 1969 21/08/2016 C-2 Books
  Dewey Decimal Classification     Non-fiction Central Library, University of Rajshahi Central Library, University of Rajshahi   25/09/1974 Goho Prakashani, Dacca 32.00   362.7 HAN 1969 21/08/2016 C-3 Books
  Dewey Decimal Classification     Non-fiction Central Library, University of Rajshahi Central Library, University of Rajshahi   25/09/1974 Goho Prakashani, Dacca 32.00   362.7 HAN 1969 21/08/2016 C-4 Books
  Dewey Decimal Classification     Non-fiction Central Library, University of Rajshahi Central Library, University of Rajshahi   25/09/1974 Goho Prakashani, Dacca 32.00   362.7 HAN 1969 21/08/2016 C-5 Books
  Dewey Decimal Classification     Non-fiction Central Library, University of Rajshahi Central Library, University of Rajshahi   25/09/1974 Goho Prakashani, Dacca 32.00   362.7 HAN 1969 21/08/2016 C-6 Books
  Dewey Decimal Classification     Non-fiction Central Library, University of Rajshahi Central Library, University of Rajshahi   25/09/1974 Goho Prakashani, Dacca 32.00   362.7 HAN 1969 21/08/2016 C-7 Books
  Dewey Decimal Classification     Non-fiction Central Library, University of Rajshahi Central Library, University of Rajshahi   25/09/1974 Goho Prakashani, Dacca 32.00   362.7 HAN 1969 21/08/2016 C-8 Books